| 000 | 00417nam a22001217a 4500 | ||
|---|---|---|---|
| 082 | _a200 THE | ||
| 100 |
_aMASOOD AHMED _963050 |
||
| 245 | _aTH-SOF-1355-Invariant Local Feature Based Texture Classification | ||
| 260 |
_aIslamabad _bNUST College of EME _c2017 |
||
| 650 | _aMS-COMPUTER ENGINEERING-81 MSTHESIS | ||
| 700 |
_a Supervisor Dr. ARSLAN SHAUKAT Co-Supervisor Dr. MUHAMMAD USMAN AKRAM _969959 |
||
| 942 | _cCF | ||
| 999 |
_c577029 _d577029 |
||